[Event "ISR-chT"]
[Site "Israel"]
[Date "2025.02.08"]
[Round "6.6"]
[White "Veinberg, Nimrod"]
[Black "Eliagov, Kafar"]
[Result "1-0"]
[WhiteElo "2409"]
[BlackElo "2263"]
[PlyCount "77"]
[EventDate "2025.01.08"]
[EventType "team-tourn"]
[EventRounds "11"]
[EventCountry "ISR"]
[SourceTitle "CB08_2025"]
[SourceDate "2025.02.19"]
[SourceVersion "1"]
[SourceVersionDate "2025.02.19"]
[SourceQuality "1"]
[WhiteTeam "Rishon Le Zion Feldklein"]
[BlackTeam "Beer Sheva II"]
[WhiteTeamCountry "ISR"]
[BlackTeamCountry "ISR"]

1. d4 Nf6 2. c4 d6 3. Nf3 g6 4. Nc3 Bg7 5. e4 0-0 6. Be2 e5 7. 0-0 Nbd7 8. Kh1 a6 9. Qc2 c6 10. d5 c5 11. Ne1 Ne8 12. Bd3 Ndf6 13. f4 exf4 14. Bxf4 Nh5 15. Be3 Nef6 16. Nf3 Ng4 17. Bg5 f6 18. Bd2 Bd7 19. Rae1 Rb8 20. a4 Qe7 21. a5 Bh6 22. Bxh6 Nxh6 23. Rb1 Ng4 24. Qd2 b5 25. cxb5 axb5 26. b4 c4 27. Bc2 Ng7 28. Rbe1 g5 29. Nd4 Ne5 30. Ra1 Ne8 31. Nce2 Ng7 32. a6 Ra8 33. Ra5 Rfb8 34. Nc3 Rb6 35. a7 Be8 36. Ndxb5 Qb7 37. Ba4 Qe7 38. Qf2 Nd7 39. Nc7 1-0

[Event "ISR-chT"]
[Site "Israel"]
[Date "2025.01.10"]
[Round "2.6"]
[White "Caspi, Israel"]
[Black "Eliagov, Kafar"]
[Result "1/2-1/2"]
[WhiteElo "2459"]
[BlackElo "2259"]
[PlyCount "83"]
[EventDate "2025.01.08"]
[EventType "team-tourn"]
[EventRounds "11"]
[EventCountry "ISR"]
[SourceTitle "CB08_2025"]
[SourceDate "2025.02.19"]
[SourceVersion "1"]
[SourceVersionDate "2025.02.19"]
[SourceQuality "1"]
[WhiteTeam "Ashdod"]
[BlackTeam "Beer Sheva II"]
[WhiteTeamCountry "ISR"]
[BlackTeamCountry "ISR"]

1. d4 Nf6 2. c4 d6 3. Nf3 g6 4. Nc3 Nbd7 5. e4 e5 6. Be2 Bg7 7. 0-0 0-0 8. Be3 Qe7 9. Qc2 c6 10. d5 Ng4 11. Bg5 f6 12. Bd2 f5 13. exf5 gxf5 14. Ng5 Ndf6 15. h3 Nh6 16. f4 e4 17. Be3 Nf7 18. Nxf7 Rxf7 19. Rfd1 c5 20. a3 Bd7 21. b4 b6 22. bxc5 bxc5 23. Rab1 Qd8 24. Rb3 Rb8 25. Rxb8 Qxb8 26. Rb1 Qc7 27. Nb5 Bxb5 28. Rxb5 Nd7 29. Kh2 Bd4 30. Qd2 Bxe3 31. Qxe3 Qd8 32. g4 Qf6 33. Rb7 Nb6 34. Rxf7 Kxf7 35. gxf5 Qd4 36. Qg3 Qd2 37. Qf2 Nxc4 38. Kh1 Kf8 39. Qh4 Qxe2 40. Qd8+ Kf7 41. Qd7+ Kf8 42. Qd8+ 1/2-1/2

[Event "ISR-ch op"]
[Site "Acre"]
[Date "2024.01.25"]
[Round "5"]
[White "Tzidkiya, Yeshaayahu"]
[Black "Eliagov, Kafar"]
[Result "1-0"]
[WhiteElo "2448"]
[BlackElo "2291"]
[PlyCount "82"]
[EventDate "2024.01.21"]
[EventType "swiss"]
[EventRounds "9"]
[EventCountry "ISR"]
[SourceTitle "CBM 218 Extra"]
[Source "ChessBase"]
[SourceDate "2024.03.31"]
[SourceVersion "1"]
[SourceVersionDate "2024.03.31"]
[SourceQuality "1"]

1. e4 e6 2. d4 d5 3. Nc3 Nf6 4. e5 Nfd7 5. Nce2 c5 6. c3 b5 7. a3 cxd4 8. cxd4 b4 9. Nf3 Ba6 10. Nf4 bxa3 11. bxa3 Be7 12. h4 Nc6 13. Be3 Rb8 14. Bxa6 Qa5+ 15. Kf1 Qxa6+ 16. Kg1 Nb6 17. Ng5 Qa4 18. Qg4 Nxd4 19. Bxd4 Qxd4 20. Re1 g6 21. Rh3 h5 22. Qg3 Rg8 23. Nf3 Qc3 24. Nxh5 Nd7 25. Nf6+ Bxf6 26. exf6 Qxf6 27. Qc7 Qd8 28. Qc6 Qa5 29. h5 Ke7 30. Qc1 gxh5 31. Rxh5 Rb3 32. Nd4 Rc3 33. Qd1 Qc5 34. Rh7 Ne5 35. Nxe6 Kxe6 36. Qh5 Kd7 37. Qxe5 Kc6 38. Rxf7 Kb5 39. Rb1+ Ka4 40. Rxa7+ Qxa7 41. Qxc3 Rh8 1-0

[Event "Pardubice Czech op-A 30th"]
[Site "Pardubice"]
[Date "2019.07.26"]
[Round "8"]
[White "Nguyen, Piotr"]
[Black "Eliagov, Kafar"]
[Result "1-0"]
[WhiteElo "2420"]
[BlackElo "2276"]
[PlyCount "47"]
[EventDate "2019.07.19"]
[EventType "swiss"]
[EventRounds "9"]
[EventCountry "CZE"]
[SourceTitle "CBM 191"]
[Source "ChessBase"]
[SourceDate "2019.08.31"]
[SourceVersion "1"]
[SourceVersionDate "2019.08.31"]
[SourceQuality "1"]

1. d4 Nf6 2. Bg5 d5 3. e3 c5 4. Bxf6 gxf6 5. dxc5 e6 6. c4 dxc4 7. Nd2 c3 8. bxc3 Bxc5 9. Qg4 Kf8 10. Ngf3 h5 11. Qc4 Be7 12. Be2 Bd7 13. 0-0 Bc6 14. Rfd1 Qd5 15. Qf4 e5 16. Qf5 Bd7 17. Qc2 Qc6 18. Nh4 Qc8 19. Ne4 Nc6 20. Nd6 Nd4 21. Rxd4 Qc7 22. Rd2 Bxd6 23. Rad1 Qa5 24. Qd3 1-0

[Event "Dov Porath Memorial"]
[Site "Ramat Gan"]
[Date "2018.09.08"]
[Round "4"]
[White "Gorodetzky, David"]
[Black "Eliagov, Kafar"]
[Result "1-0"]
[WhiteElo "2451"]
[BlackElo "2273"]
[PlyCount "47"]
[EventDate "2018.09.08"]
[EventType "swiss (rapid)"]
[EventRounds "9"]
[EventCountry "ISR"]
[SourceTitle "CBM 186 Extra"]
[Source "ChessBase"]
[SourceDate "2018.08.24"]
[SourceVersion "1"]
[SourceVersionDate "2018.08.24"]
[SourceQuality "1"]

1. Nf3 e6 2. d4 Nf6 3. Bf4 c5 4. e3 Nc6 5. Nbd2 d5 6. c3 Bd6 7. Bg3 0-0 8. Bb5 Ne7 9. Bd3 b6 10. e4 dxe4 11. Nxe4 Nxe4 12. Bxe4 Rb8 13. dxc5 Bxg3 14. hxg3 Qxd1+ 15. Kxd1 f5 16. Bd3 bxc5 17. Kc2 Rb6 18. Rhe1 h6 19. Bc4 Nd5 20. Rad1 Rd8 21. Ne5 Ba6 22. b3 Bb7 23. Nd3 Rc6 24. Nf4 1-0

[Event "ISR-chT"]
[Site "Israel"]
[Date "2007.04.28"]
[Round "10.4"]
[White "Eliagov, Kafar"]
[Black "Kaspi, Alexander"]
[Result "0-1"]
[WhiteElo "2320"]
[BlackElo "2463"]
[PlyCount "106"]
[EventDate "2007.01.11"]
[EventType "team-tourn"]
[EventRounds "11"]
[EventCountry "ISR"]
[SourceTitle "EXT 2009"]
[Source "ChessBase"]
[SourceDate "2008.11.26"]
[SourceVersion "1"]
[SourceVersionDate "2008.11.26"]
[SourceQuality "1"]
[WhiteTeam "Beer Sheva VI"]
[BlackTeam "Rishon Le Zion Feldklein"]
[WhiteTeamCountry "ISR"]
[BlackTeamCountry "ISR"]

1. d4 d5 2. Nf3 c6 3. g3 Bg4 4. Bg2 e6 5. Nbd2 f5 6. Ne5 Nf6 7. 0-0 Nbd7 8. Nxg4 Nxg4 9. e4 Be7 10. exd5 exd5 11. c4 Ngf6 12. Qb3 Qb6 13. Re1 Qxb3 14. Nxb3 Kf7 15. Bd2 Bd6 16. c5 Bc7 17. Ba5 Rac8 18. Bxc7 Rxc7 19. Nc1 Re8 20. Nd3 g6 21. b4 a6 22. a4 Rxe1+ 23. Rxe1 Ne4 24. Kf1 Ng5 25. Ke2 Ne6 26. Ke3 Rc8 27. f4 Re8 28. Ne5+ Nxe5 29. fxe5 Ke7 30. Rb1 Kd7 31. b5 axb5 32. axb5 Ra8 33. Bf1 Ra3+ 34. Bd3 Kc7 35. bxc6 bxc6 36. Rd1 g5 37. h4 h6 38. hxg5 hxg5 39. Kd2 Nxd4 40. Rh1 Nf3+ 41. Ke2 Nxe5 42. Bxf5 Rxg3 43. Rh8 d4 44. Rc8+ Kb7 45. Re8 Re3+ 46. Kd1 g4 47. Rg8 g3 48. Bc8+ Kc7 49. Bh3 d3 50. Rg7+ Kd8 51. Kd2 Nc4+ 52. Kd1 d2 53. Rd7+ Ke8 0-1

[Event "ISR-chT"]
[Site "Israel"]
[Date "2002.01.18"]
[Round "2"]
[White "Ettinger, Amir"]
[Black "Eliagov, Kafar"]
[Result "1/2-1/2"]
[WhiteElo "2219"]
[BlackElo "2214"]
[PlyCount "68"]
[EventDate "2002.01.10"]
[EventType "team-tourn"]
[EventRounds "11"]
[EventCountry "ISR"]
[SourceTitle "EXT 2003"]
[Source "ChessBase"]
[SourceDate "2002.11.25"]
[SourceVersion "1"]
[SourceVersionDate "2002.11.25"]
[SourceQuality "1"]

1. d4 d5 2. Nc3 Nf6 3. Bg5 e6 4. e4 Be7 5. e5 Nfd7 6. Bxe7 Qxe7 7. f4 a6 8. Nf3 c5 9. dxc5 Qxc5 10. Qd3 Nc6 11. Qd1 Qb4 12. Qd2 0-0 13. 0-0-0 b5 14. Bd3 Nc5 15. Ne2 f6 16. exf6 Qxd2+ 17. Rxd2 gxf6 18. Ned4 Nxd4 19. Nxd4 e5 20. Nc6 Bb7 21. Na5 Rad8 22. b4 Nxd3+ 23. Rxd3 Ba8 24. Re1 Rde8 25. Nb3 exf4 26. Rf1 Re4 27. Rd4 Kf7 28. Rxf4 Ke6 29. g3 Ke5 30. Rh4 Rf7 31. Kd2 f5 32. c3 f4 33. Rh5+ Rf5 34. gxf4+ Rexf4 1/2-1/2